| 000 | 00749nam a22002175i 4500 | ||
|---|---|---|---|
| 001 | 102886 | ||
| 003 | ES-MaACL | ||
| 005 | 20250831014815.0 | ||
| 007 | t| | ||
| 008 | 950928s1898 sp ||||1| spa d | ||
| 245 | 0 | 4 |
_aLos Estados Unidos por dentro _b: geografía, historia, constitución, organización militar (guerra y marina), etc. |
| 260 |
_aMadrid : _b[s.n.], _c1898 ( _fTip. Herres) |
||
| 300 |
_a104, CLXI p. ; _c19 cm. |
||
| 490 | 1 | _aColección Herres | |
| 505 | 8 | _aContiene además: Constitución de los EE. UU. | |
| 651 | 4 |
_aEstados Unidos- _xDescripción- _yS.XIX _98539 |
|
| 651 | 4 |
_aEstados Unidos- _xHistoria _98540 |
|
| 830 | 1 |
_aColección Herres _9232544 |
|
| 852 |
_aES-MaACL _jC-3572 |
||
| 999 |
_c102886 _d102886 |
||